LIBRARY & INFORMATION CENTRE, KCAET, TAVANUR

ONLINE PUBLIC ACCESS CATALOGUE (OPAC)

Normal view MARC view
  • Luthin, James N

Entry Personal Name

Number of records used in: 1

001 - CONTROL NUMBER

  • control field: 5247

003 - CONTROL NUMBER IDENTIFIER

  • control field: OSt

005 - DATE AND TIME OF LATEST TRANSACTION

  • control field: 20220826103644.0

008 - FIXED-LENGTH DATA ELEMENTS

  • fixed length control field: 220826|| aca||aabn | a|a d

040 ## - CATALOGING SOURCE

  • Original cataloging agency: OSt
  • Transcribing agency: OSt

100 ## - HEADING--PERSONAL NAME

  • Personal name: Luthin, James N

670 ## - SOURCE DATA FOUND

  • Source citation: Work cat.: (OSt)17549: Luthin, James N., Drainage engineering
free website counter